000 nam a22 a 4500
999 _c832
_d832
003 AKMAL
005 20170505142930.0
008 170505s1995 my 00 may d
020 _a9830460428 (kkt.):
_cRM 8.00
040 _aAKMAL
_cAKMAL
049 _amal
082 0 4 _a297.1221 KIT
090 _a297.1221
_bKIT
245 0 0 _aKitab pelajaran Tajwid :
_bmelengkapi sukatan pelajaran tajwid dari tingkatan 1 hingga tingkatan 5 KBSM /
_csusunan Azahari Ibrahim
260 _aKuala Lumpur :
_bDarul Nu'man,
_c1995
300 _aiv, 85ms. ;
_c21cm
500 _aTeks sejajar bahasa Malaysia dan skrip Jawi
650 _aKoran
_xReading
_91606
700 0 _aAzahari Ibrahim
_91807
942 _2ddc
_cBOOK